| 000 | 01041nam a22002177a 4500 | ||
|---|---|---|---|
| 999 |
_c14143 _d14143 |
||
| 003 | AR-CdUCM | ||
| 008 | 190410b ||||| |||| 00| 0 spa d | ||
| 020 | _a9972-00-153-9 | ||
| 040 |
_aMUNICIPALIDAD PROVINCIAL DEL CUSCO _cBIBLIOTECA MUNICIPAL DEL CUSCO |
||
| 082 |
_aEP / 803 / _bG26 _28va ed. |
||
| 100 |
_aGarrido - Lecca, Hernán _925398 |
||
| 245 |
_aPiratas en el Callao : _bLa verdadera e increíble historia de cómo en Callao salvó del pirata L"Hermite / |
||
| 260 |
_aLima : _bGrupo Santillana, _c2006. |
||
| 300 |
_a60 paginas ; _bIlustraciones, Graficos, Dibujos, _c20 cm. |
||
| 440 |
_aAlfaguara infantil _932748 |
||
| 505 | _aContenido :De cómo me enteré de que andaba perdido en el tiempo de los piratas -- Los días pasan y el bloqueo continua -- Sobre la retirada de los piratas y de mi vida en San Lorenzo -- Un extraño encuentro o de cómo conocí y me hice amigo de Ignacio Pérez de Tudela ... | ||
| 650 |
_aCuentos _9217 |
||
| 650 |
_aTexto educativo _925832 |
||
| 942 |
_2ddc _cLIBROS |
||
| 945 |
_arum _d2019-04-22 |
||